| 000 | 01077nas a2200325 4500 | ||
|---|---|---|---|
| 001 | BR2019000790 | ||
| 003 | BR-BrBNA | ||
| 005 | 20231205131641.0 | ||
| 007 | ta | ||
| 008 | 230509b bl.|||p| |||| 00| 00por d | ||
| 040 |
_aBR-BrBNA _bpor _cBiblioteca Nacional de Agricultura |
||
| 041 | _a(En) | ||
| 072 | _aJ11 | ||
| 100 | 1 | _aFavarato, L.F. | |
| 100 | 1 | _aSouza, J.L. de | |
| 100 | 1 | _aGalvão, J.C.C. | |
| 100 | 1 | _aSouza, C.M. de | |
| 100 | 1 | _aBalbino, J.M. de S. | |
| 100 | 1 | _aGuarçoni, R.C. | |
| 245 | 1 | _aQualitative attributes and postharvest conservation of green ears of maize grown on different cover crops in organic no-till system | |
| 650 | _aMILHO VERDE | ||
| 650 | _aAGRICULTURA ORGÂNICA | ||
| 650 | _aPLANTIO DIRETO | ||
| 650 | _aPÓS-COLHEITA | ||
| 650 | _aVIDA-DE-PRATELEIRA | ||
| 773 | 0 |
_tRevista Ceres (Brazil) _xISSN 2177-3491 _g(Jul-Aug 2016), v. 63(4) p. 532-537 _wBR2019000790 |
|
| 856 | 4 | 0 | _uhttp://www.scielo.br/pdf/rceres/v63n4/2177-3491-rceres-63-04-00532.pdf |
| 909 |
_a202311 _bLúcia _c55 _dLúcia Elande |
||
| 942 |
_2AGRIS _n0 _cANA |
||
| 999 |
_c255912 _d255912 |
||